000 00399nam a2200145Ia 4500
008 230917s9999||||xx |||||||||||||| ||und||
040 _e11338
_aMAIN
041 _aEnglish
082 _a301.420947 F539S
100 _aFisher, Wisley Andrew
245 0 _aSoviet marriage market: male selection in Russia and the USSR
260 _aNew York
_bPreager
_c1980
300 _axvii, 299 p.
942 _cBK
999 _c216552
_d216552